Thi công kiến trúc cao tầng

Guardat en:
Dades bibliogràfiques
Format: Llibre
Idioma:Undetermined
Publicat: Hà Nội Giao thông vận tải 2001
Matèries:
Etiquetes: Afegir etiqueta
Sense etiquetes, Sigues el primer a etiquetar aquest registre!
Thư viện lưu trữ: Trung tâm Học liệu Trường Đại học Cần Thơ
LEADER 00582nam a2200181Ia 4500
001 CTU_63309
008 210402s9999 xx 000 0 und d
020 |b 65000 
082 |a 690.1 
082 |b Th300/T1 
245 0 |a Thi công kiến trúc cao tầng 
245 0 |c Hồ Thế Đức,...[et al.] 
260 |a Hà Nội 
260 |b Giao thông vận tải 
260 |c 2001 
650 |a Buildings design and construction,Civil engineering,Structural analysis (engineering) 
904 |i TUYẾN 
980 |a Trung tâm Học liệu Trường Đại học Cần Thơ